[Event "Spandau Christmas op 6th"]
[Site "Spandau"]
[Date "2023.12.29"]
[Round "5"]
[White "Torosyan, Bagrat"]
[Black "Richter, Leonard"]
[Result "0-1"]
[WhiteElo "2024"]
[BlackElo "2253"]
[PlyCount "36"]
[EventDate "2023.12.27"]
[EventType "swiss"]
[EventRounds "7"]
[EventCountry "GER"]
[SourceTitle "CB01_2024"]
[SourceDate "2024.01.03"]
[SourceVersion "1"]
[SourceVersionDate "2024.01.03"]
[SourceQuality "1"]

1. e4 c5 2. Nf3 d6 3. d4 cxd4 4. Nxd4 Nf6 5. Nc3 Nc6 6. Bg5 Bd7 7. Qd3 Rc8 8. f4 Nb4 9. Qd2 Qb6 10. Bxf6 gxf6 11. Nf3 Bh6 12. g3 Bc6 13. 0-0-0 f5 14. Nd4 Bg7 15. a3 Bxe4 16. Nxe4 Rxc2+ 17. Qxc2 Nxc2 18. Bb5+ Kf8 0-1

[Event "Dresden Uhlmann Rapid op"]
[Site "Dresden"]
[Date "2023.05.06"]
[Round "3"]
[White "Eichner, Sebastian"]
[Black "Richter, Leonard"]
[Result "0-1"]
[WhiteElo "2313"]
[BlackElo "2244"]
[PlyCount "74"]
[EventDate "2023.05.06"]
[EventType "swiss (rapid)"]
[EventRounds "7"]
[EventCountry "GER"]
[SourceTitle "CBM 214 Extra"]
[Source "ChessBase"]
[SourceDate "2023.07.31"]
[SourceVersion "1"]
[SourceVersionDate "2023.07.31"]
[SourceQuality "1"]

1. Nf3 Nf6 2. c4 g6 3. Nc3 Bg7 4. e4 d6 5. d4 0-0 6. h3 e5 7. d5 Nh5 8. Nh2 Qe8 9. Be2 Nf4 10. Bf3 f5 11. g3 Nxh3 12. Bg2 f4 13. Nf3 g5 14. Bxh3 g4 15. Bg2 gxf3 16. Qxf3 Nd7 17. Bh3 Nb6 18. b3 c6 19. Ba3 cxd5 20. Nxd5 Nxd5 21. cxd5 Qg6 22. g4 Bd7 23. Rc1 Rac8 24. Kd2 Bh6 25. Rxc8 Rxc8 26. Rc1 Rxc1 27. Kxc1 Bf8 28. Kd2 Qg5 29. Bb4 Qh4 30. Qg2 Kf7 31. f3 Qd8 32. Qf2 a5 33. Ba3 b5 34. Qa7 b4 35. Bb2 Ke8 36. Bf1 Be7 37. a3 Bh4 0-1

[Event "Oberliga Ost-A 2122"]
[Site "Germany"]
[Date "2022.06.19"]
[Round "5.1"]
[White "Rafayevych, Vilen"]
[Black "Richter, Leonard"]
[Result "0-1"]
[WhiteElo "2156"]
[BlackElo "2277"]
[PlyCount "76"]
[EventDate "2021.10.10"]
[EventType "team-tourn"]
[EventRounds "11"]
[EventCountry "GER"]
[SourceTitle "EXT 2023"]
[Source "ChessBase"]
[SourceDate "2022.10.05"]
[SourceVersion "1"]
[SourceVersionDate "2022.10.05"]
[SourceQuality "1"]
[WhiteTeam "Magdeburg Aufbau Elbe II"]
[BlackTeam "Leipzig SG"]
[WhiteTeamCountry "GER"]
[BlackTeamCountry "GER"]

1. d4 Nf6 2. c4 g6 3. Nc3 Bg7 4. e4 d6 5. Nge2 0-0 6. Ng3 e5 7. d5 a5 8. h4 h5 9. Be2 Ng4 10. f3 Nh6 11. Be3 Na6 12. Qd2 Kh7 13. Nb5 b6 14. 0-0-0 a4 15. Bd3 Nc5 16. Bc2 Bd7 17. Na3 Qe8 18. Kb1 Rb8 19. Ne2 f5 20. exf5 Bxf5 21. Nc3 Bxc2+ 22. Nxc2 Nf5 23. Bg5 e4 24. Rhe1 b5 25. Nxe4 bxc4 26. Bf6 Nxe4 27. Rxe4 Bxf6 28. Rxe8 Rxb2+ 29. Kc1 Rxe8 30. g4 Reb8 31. Qf4 Rb1+ 32. Kd2 c3+ 33. Ke2 Re8+ 34. Kf2 Rxd1 35. gxf5 Rd2+ 36. Kf1 Rxc2 37. fxg6+ Kxg6 38. Qxa4 Rce2 0-1

[Event "GER-CupT 2122 Round2 (3)"]
[Site "Viernheim"]
[Date "2022.05.22"]
[Round "2.4"]
[White "Abergel, Thal"]
[Black "Richter, Leonard"]
[Result "1-0"]
[WhiteElo "2378"]
[BlackElo "2288"]
[PlyCount "69"]
[EventDate "2022.05.21"]
[EventType "team-k.o."]
[EventRounds "2"]
[EventCountry "GER"]
[SourceTitle "EXT 2023"]
[Source "ChessBase"]
[SourceDate "2022.10.05"]
[SourceVersion "1"]
[SourceVersionDate "2022.10.05"]
[SourceQuality "1"]
[WhiteTeam "Viernheim"]
[BlackTeam "Leipzig SG"]
[WhiteTeamCountry "GER"]
[BlackTeamCountry "GER"]

1. e4 c5 2. Nf3 d6 3. Bc4 Nf6 4. e5 dxe5 5. Nxe5 e6 6. Qe2 Bd6 7. b3 a6 8. a4 Qc7 9. Bb2 Nc6 10. Nxc6 Qxc6 11. 0-0 b6 12. f4 Bb7 13. f5 0-0 14. Bxf6 gxf6 15. fxe6 fxe6 16. Qxe6+ Kh8 17. Qh3 Be5 18. c3 Rad8 19. Be2 Qc7 20. Bf3 Bc8 21. Qh5 Rg8 22. Na3 Rg5 23. Qh4 Rdg8 24. Nc4 Qg7 25. Rf2 Bg4 26. Nxe5 Rxe5 27. Bxg4 Qxg4 28. Qxf6+ Qg7 29. Qxb6 Rg5 30. Qc6 h5 31. Re1 h4 32. Re8 Kh7 33. Rxg8 Kxg8 34. Qe8+ Kh7 35. Qe4+ 1-0

[Event "Oberliga Ost-A 1920"]
[Site "Germany"]
[Date "2020.03.01"]
[Round "9.2"]
[White "Richter, Leonard"]
[Black "Heyder, Florian"]
[Result "1-0"]
[WhiteElo "2278"]
[BlackElo "2225"]
[PlyCount "117"]
[EventDate "2019.09.29"]
[EventType "team-tourn"]
[EventRounds "11"]
[EventCountry "GER"]
[SourceTitle "EXT 2023"]
[Source "ChessBase"]
[SourceDate "2022.10.05"]
[SourceVersion "1"]
[SourceVersionDate "2022.10.05"]
[SourceQuality "1"]
[WhiteTeam "Leipzig SG"]
[BlackTeam "Sangerhausen"]
[WhiteTeamCountry "GER"]
[BlackTeamCountry "GER"]

1. e4 e6 2. d4 d5 3. Nc3 Bb4 4. e5 c5 5. dxc5 Ne7 6. Nf3 Nd7 7. Bd3 Nxc5 8. 0-0 Bxc3 9. bxc3 Nc6 10. Bb5 Bd7 11. Ba3 Ne4 12. Qd3 Qa5 13. Bb4 Qc7 14. Bxc6 Qxc6 15. Nd4 Qc7 16. f3 Nc5 17. Nb5 Bxb5 18. Qxb5+ Nd7 19. Kh1 a6 20. Qa4 b5 21. Qa3 Nb6 22. Qc1 Qxe5 23. Re1 Qc7 24. Qg5 Rg8 25. Ba5 Qc6 26. Bxb6 Qxb6 27. Qxd5 Rd8 28. Qe4 g6 29. Qh4 h5 30. a4 Rd6 31. axb5 axb5 32. Ra8+ Rd8 33. Rea1 g5 34. Qxh5 Qb7 35. R8a5 Qd5 36. h3 Qe5 37. Ra7 Qf6 38. Qh7 Qg6 39. Qxg6 Rxg6 40. Rb7 Rc8 41. Raa7 Rf6 42. Rxb5 Kf8 43. Rxg5 Rxc3 44. Ra8+ Ke7 45. Ra2 Rf4 46. Rb5 Rfc4 47. Rb7+ Kf8 48. Raa7 Rf4 49. Rc7 Re3 50. c4 Rc3 51. c5 Rc2 52. c6 Kg7 53. Rc8 Rfc4 54. Rd8 Kg6 55. Rg8+ Kf6 56. Rf8 Rxc6 57. Rfxf7+ Ke5 58. Ra4 Re2 59. Rg4 1-0

[Event "Dresden ZMD op"]
[Site "Dresden"]
[Date "2019.08.15"]
[Round "6"]
[White "Dann, Matthias"]
[Black "Richter, Leonard"]
[Result "1-0"]
[WhiteElo "2527"]
[BlackElo "2284"]
[PlyCount "75"]
[EventDate "2019.08.10"]
[EventType "swiss"]
[EventRounds "9"]
[EventCountry "GER"]
[SourceTitle "CBM 191 Extra"]
[Source "ChessBase"]
[SourceDate "2019.09.30"]
[SourceVersion "1"]
[SourceVersionDate "2019.09.30"]
[SourceQuality "1"]

1. c4 Nf6 2. Nc3 g6 3. e4 d6 4. d4 Bg7 5. Be2 0-0 6. Bg5 c5 7. d5 h6 8. Bf4 b5 9. cxb5 Qa5 10. Bd2 a6 11. a4 axb5 12. Bxb5 Ba6 13. Nge2 Nbd7 14. 0-0 Qb6 15. Qc2 Ne5 16. b3 Ne8 17. Bxa6 Rxa6 18. Nb5 f5 19. exf5 Rxf5 20. Ng3 Rf7 21. Bc3 Nf6 22. Bxe5 dxe5 23. Rad1 Kh7 24. Ne4 Nxe4 25. Qxe4 Rf4 26. Qc2 c4 27. b4 Bf8 28. g3 Rf5 29. Rd2 Ra8 30. Qxc4 Rxa4 31. Rb1 h5 32. Qc5 Qf6 33. Nc3 Ra3 34. b5 e4 35. Qxa3 e3 36. Ne4 exf2+ 37. Rxf2 Qd4 38. Qb4 1-0

[Event "Leipzig VfB op 25th"]
[Site "Leipzig"]
[Date "2018.03.22"]
[Round "5"]
[White "Richter, Leonard"]
[Black "Diller, Peter"]
[Result "1-0"]
[WhiteElo "2257"]
[BlackElo "1966"]
[PlyCount "45"]
[EventDate "2018.03.20"]
[EventType "swiss"]
[EventRounds "9"]
[EventCountry "GER"]
[SourceTitle "CBM 183 Extra"]
[Source "ChessBase"]
[SourceDate "2018.04.19"]
[SourceVersion "1"]
[SourceVersionDate "2018.04.19"]
[SourceQuality "1"]

1. e4 e6 2. d4 d5 3. Nc3 Bb4 4. e5 c5 5. dxc5 Bxc3+ 6. bxc3 Qc7 7. Nf3 Qxc5 8. Bd2 Ne7 9. Bd3 Qc7 10. 0-0 Nbc6 11. Re1 Ng6 12. Qe2 b6 13. h4 Bb7 14. h5 Nge7 15. Nd4 a6 16. Rab1 0-0 17. h6 Nxd4 18. cxd4 f5 19. exf6 Rxf6 20. Bg5 Raf8 21. hxg7 R8f7 22. Bxf6 Rxf6 23. Qe5 1-0

[Event "GER CupT 1718 prel2"]
[Site "Oranienburg"]
[Date "2018.01.14"]
[Round "2.1"]
[White "Woellermann, Jan"]
[Black "Richter, Leonard"]
[Result "1/2-1/2"]
[WhiteElo "2392"]
[BlackElo "2264"]
[PlyCount "98"]
[EventDate "2018.01.13"]
[EventType "team-k.o."]
[EventRounds "2"]
[EventCountry "GER"]
[SourceTitle "EXT 2019"]
[Source "ChessBase"]
[SourceDate "2018.10.10"]
[SourceVersion "1"]
[SourceVersionDate "2018.10.10"]
[SourceQuality "1"]
[WhiteTeam "Magdeburg Aufbau Elbe"]
[BlackTeam "Leipzig SG"]
[WhiteTeamCountry "GER"]
[BlackTeamCountry "GER"]

1. d4 Nf6 2. c4 g6 3. g3 Bg7 4. Bg2 0-0 5. Nc3 d6 6. Nf3 Nc6 7. 0-0 a6 8. b3 Rb8 9. Nd5 e6 10. Nxf6+ Qxf6 11. Bb2 Qe7 12. Qd2 e5 13. d5 Nd8 14. Rac1 b6 15. b4 f5 16. Ba1 Nf7 17. c5 Bh6 18. cxd6 cxd6 19. e3 g5 20. Qc2 g4 21. Nd2 Bd7 22. Qc7 e4 23. Nb3 Rfc8 24. Qa7 Qe8 25. Rc7 Rxc7 26. Qxc7 Rc8 27. Qxb6 Bb5 28. Rd1 Be2 29. Re1 Bd3 30. Nd4 Bg7 31. Qb7 Bxd4 32. Bxd4 Rc2 33. Bf1 Ne5 34. Bg2 Qd8 35. a4 Rc7 36. Qb6 Nc4 37. Qxa6 Nxe3 38. b5 Nc2 39. Bb6 Nxe1 40. Bxc7 Qxc7 41. Qc6 Qb8 42. Qd7 Qf8 43. b6 Nf3+ 44. Bxf3 gxf3 45. b7 Ba6 46. b8Q Qxb8 47. Qe6+ Kg7 48. Qe7+ Kg8 49. Qe6+ Kg7 1/2-1/2

[Event "Oberliga Ost-A 1718"]
[Site "Germany"]
[Date "2017.12.10"]
[Round "4.1"]
[White "Richter, Leonard"]
[Black "Zwahr, Paul"]
[Result "1-0"]
[WhiteElo "2268"]
[BlackElo "2306"]
[PlyCount "37"]
[EventDate "2017.10.22"]
[EventType "team-tourn"]
[EventRounds "11"]
[EventCountry "GER"]
[SourceTitle "EXT 2019"]
[Source "ChessBase"]
[SourceDate "2018.10.10"]
[SourceVersion "1"]
[SourceVersionDate "2018.10.10"]
[SourceQuality "1"]
[WhiteTeam "Leipzig SG II"]
[BlackTeam "Dresden Gruen Weiss"]
[WhiteTeamCountry "GER"]
[BlackTeamCountry "GER"]

1. e4 e5 2. Nf3 Nc6 3. d4 exd4 4. Bc4 Bc5 5. c3 dxc3 6. Bxf7+ Kxf7 7. Qd5+ Kf8 8. Qxc5+ d6 9. Qxc3 Nf6 10. Nbd2 Qe7 11. 0-0 Nxe4 12. Nxe4 Qxe4 13. Re1 Qd5 14. Bh6 Qf7 15. Ng5 Qg6 16. Bxg7+ Kg8 17. Bxh8 Qxg5 18. Re8+ Kf7 19. Rae1 1-0

[Event "GER-chT Lands U20"]
[Site "Hannover"]
[Date "2017.10.01"]
[Round "2.1"]
[White "Muckle, Julius"]
[Black "Richter, Leonard"]
[Result "1/2-1/2"]
[WhiteElo "2241"]
[BlackElo "2223"]
[PlyCount "120"]
[EventDate "2017.09.29"]
[EventType "team-swiss"]
[EventRounds "7"]
[EventCountry "GER"]
[SourceTitle "EXT 2018"]
[Source "ChessBase"]
[SourceDate "2017.10.13"]
[SourceVersion "1"]
[SourceVersionDate "2017.10.13"]
[SourceQuality "1"]
[WhiteTeam "Rheinland Pfalz U20"]
[BlackTeam "Sachsen U20"]
[WhiteTeamCountry "GER"]
[BlackTeamCountry "GER"]

1. d4 Nf6 2. c4 g6 3. Nc3 Bg7 4. e4 d6 5. f3 0-0 6. Be3 Nc6 7. Nge2 a6 8. Qd2 Rb8 9. Rb1 e5 10. d5 Ne7 11. Ng3 Nd7 12. Bd3 f5 13. exf5 gxf5 14. Nh5 Rf7 15. f4 Nf6 16. Be2 Ng6 17. 0-0 Nxh5 18. Bxh5 Qh4 19. Bxg6 hxg6 20. Rf3 Bd7 21. Rg3 Qf6 22. Qf2 e4 23. Ne2 Re7 24. Bd4 Qf7 25. h4 Bxd4 26. Qxd4 Kh7 27. Rg5 e3 28. h5 gxh5 29. Ng3 Kh6 30. Rxh5+ Kg6 31. Rg5+ Kh6 32. Re1 Rbe8 33. Qd1 b5 34. Qf3 Rg8 35. Rh5+ Kg7 36. cxb5 axb5 37. Rxe3 Rxe3 38. Qxe3 Kf8 39. Rh3 Qxd5 40. Rh7 Be6 41. Rxc7 Rg7 42. Rxg7 Kxg7 43. Nh5+ Kf8 44. Kh2 Bf7 45. Ng3 Be8 46. Qc3 Bc6 47. Qf6+ Ke8 48. Qg6+ Kd8 49. Nxf5 Kc7 50. Qg7+ Kb8 51. Qg5 Qd2 52. Ne7 Bxg2 53. Qg8+ Ka7 54. Qxg2 Qxf4+ 55. Kg1 Qc1+ 56. Kh2 Qh6+ 57. Kg1 Qc1+ 58. Qf1 Qg5+ 59. Kf2 Qf6+ 60. Kg2 Qg5+ 1/2-1/2

[Event "GER-chT Lands U20"]
[Site "Hannover"]
[Date "2017.10.01"]
[Round "3.1"]
[White "Richter, Leonard"]
[Black "Bethke, Richard"]
[Result "0-1"]
[WhiteElo "2223"]
[BlackElo "2110"]
[PlyCount "98"]
[EventDate "2017.09.29"]
[EventType "team-swiss"]
[EventRounds "7"]
[EventCountry "GER"]
[SourceTitle "EXT 2018"]
[Source "ChessBase"]
[SourceDate "2017.10.13"]
[SourceVersion "1"]
[SourceVersionDate "2017.10.13"]
[SourceQuality "1"]
[WhiteTeam "Sachsen U20"]
[BlackTeam "Hessen U20"]
[WhiteTeamCountry "GER"]
[BlackTeamCountry "GER"]

1. e4 c5 2. Nf3 d6 3. d4 cxd4 4. Nxd4 Nf6 5. Nc3 a6 6. Bg5 Nbd7 7. f4 Qc7 8. Qf3 h6 9. Bh4 g5 10. fxg5 hxg5 11. Bxg5 Qc5 12. Nf5 e6 13. Bxf6 Nxf6 14. Ne3 Nd7 15. Ng4 Qg5 16. Be2 Bg7 17. 0-0 Bd4+ 18. Kh1 Ne5 19. Nxe5 Bxe5 20. h3 Qg7 21. Na4 b5 22. Nb6 Rb8 23. Nxc8 Rxc8 24. c3 Ke7 25. Qf2 Qg3 26. Qxg3 Bxg3 27. a4 Rc7 28. axb5 axb5 29. Bxb5 Rb8 30. c4 Be5 31. Ra2 d5 32. exd5 exd5 33. b3 d4 34. Rf3 Rxb5 35. g4 Rb6 36. Ra5 f6 37. g5 Rd7 38. gxf6+ Bxf6 39. Rd3 Rdb7 40. Ra3 Ke6 41. Kg2 Be5 42. Rf3 Bd6 43. Ra2 Rxb3 44. Re2+ Kd7 45. Rd2 Be5 46. Rfd3 Kd6 47. Kf3 Rf7+ 48. Kg4 Rxd3 49. Rxd3 Kc5 0-1